Optimaization Theory and Applications (2nd ed) (Record no. 247307)

MARC details
000 -LEADER
fixed length control field 00511nam a2200181Ia 4500
008 - FIXED-LENGTH DATA ELEMENTS--GENERAL INFORMATION
fixed length control field 240921s9999||||xx |||||||||||||| ||und||
082 ## - DEWEY DECIMAL CLASSIFICATION NUMBER
-- 515
100 ## - MAIN ENTRY--PERSONAL NAME
Personal name Rao S S
245 #0 - TITLE STATEMENT
Title Optimaization Theory and Applications (2nd ed)
250 ## - EDITION STATEMENT
Edition statement 2nd
260 ## - PUBLICATION, DISTRIBUTION, ETC. (IMPRINT)
Name of publisher, distributor, etc Wiley,New
500 ## - GENERAL NOTE
General note Missing Cost Recovered Rs.399.00 from Mr. Nagalingam Pillai (Bill NO : 2066 and Dated 19-7-2012)
650 ## - SUBJECT ADDED ENTRY--TOPICAL TERM
Topical term or geographic name as entry element Optimization
942 ## - ADDED ENTRY ELEMENTS (KOHA)
Item type Books
Holdings
Withdrawn status Lost status Damaged status Permanent location Current location Shelving location Date acquired Source of acquisition Cost, normal purchase price Full call number Barcode Date last seen Koha item type
  Lost and paid for   CENTRAL LIBRARY, NOORUL ISLAM CENTRE FOR HIGHER EDUCATION CENTRAL LIBRARY, NOORUL ISLAM CENTRE FOR HIGHER EDUCATION   05/09/2003 Nil 265.00 515 262 09/21/2024 Books
Visitors:
Copyright © 2024 Central Library NICHE.  All rights reserved.